000
00285nam a2200085Ia 4500
245
0
_a
Frequently asked questions about budgeting and money management
100
_a
MONTEVERDE, Matthew New York, NY, 2009 1st ed
_9
76393
942
_c
BK
008
210817s9999 xx 000 0 und d
999
_c
270771
_d
270770